Detalles MARC
| 000 -CABECERA |
| campo de control de longitud fija |
02188nam a2200313 a 4500 |
| 003 - IDENTIFICADOR DEL NÚMERO DE CONTROL |
| campo de control |
DO-SdBNP |
| 005 - FECHA Y HORA DE LA ÚLTIMA TRANSACCIÓN |
| campo de control |
20250210113909.0 |
| 007 - CAMPO FIJO DE DESCRIPCIÓN FÍSICA--INFORMACIÓN GENERAL |
| campo de control de longitud fija |
ta |
| 008 - DATOS DE LONGITUD FIJA--INFORMACIÓN GENERAL |
| campo de control de longitud fija |
190726s1990 dr spa d |
| 040 ## - FUENTE DE LA CATALOGACIÓN |
| Centro catalogador/agencia de origen |
DO-SdBNP |
| Lengua de catalogación |
spa |
| Centro/agencia transcriptor |
BNPHU |
| 082 #4 - NÚMERO DE LA CLASIFICACIÓN DECIMAL DEWEY |
| Número de clasificación |
341.098 |
| Número de documento/Ítem |
A696m |
| Número de edición |
22 |
| 100 1# - ENTRADA PRINCIPAL--NOMBRE DE PERSONA |
| Nombre de persona |
Arias, Luis, |
| Forma completa/desarrollada del nombre |
(Arias Núñez) |
| 9 (RLIN) |
9356 |
| 245 10 - MENCIÓN DE TÍTULO |
| Título |
Manual de derecho Internacional público Americano / |
| Mención de responsabilidad, etc. |
L. Almanzor González Canahuate ; versión Luis Arias Núñez. |
| 260 ## - PUBLICACIÓN, DISTRIBUCIÓN, ETC. |
| Lugar de publicación, distribución, etc. |
Santo Domingo : |
| Nombre del editor, distribuidor, etc. |
Corripio, |
| Fecha de publicación, distribución, etc. |
1990 |
| 300 ## - DESCRIPCIÓN FÍSICA |
| Extensión |
283 p. ; |
| Dimensiones |
23 cm. |
| 500 ## - NOTA GENERAL |
| Nota general |
Incluye referencias bibliográficas y notas al pie de las páginas |
| 505 ## - NOTA DE CONTENIDO CON FORMATO |
| Nota de contenido con formato |
Concepto generales del derecho internacional americano -- El regionalismo internacional -- Conceptos generales de las doctrinas latinoamericanas -- Sistemas doctrinal americano y la no intervención -- sistema doctrinal americano y el reconocimiento internacional -- Principios de derecho internacional en el sistema interamericano -- Sistema institucional en América -- La organización de Estados americanos -- El sistema de integración en América -- El asilo, concepto del asilo, el asilo exterior o fuera del territorio del país que lo concede -- Los derechos humanos en el sistema internacional -- Principios de derecho internacional en el sistema interamericano. |
| 562 ## - NOTA DE IDENTIFICACIÓN DE LA COPIA Y VERSIÓN |
| Marcas de identificación |
"La versión original ... de esta obra esta bajo la responsabilidad y cuidado del Dr. L Almanzor Gonzáles Canahuate (Recopilación jurisprudencial integrada) ha sido debidamente autorizada por el autor por documento escritos en fecha 1989 Santo Domingo, República Dominicana. <br/> |
| 590 ## - NOTA LOCAL (RLIN) |
| Nota local |
Inventariado, 2020/VM |
| 600 10 - PUNTO DE ACCESO ADICIONAL DE MATERIA--NOMBRE DE PERSONA |
| Nombre de persona |
Arias, Luis, |
| Forma completa/desarrollada del nombre |
(Arias Núñez) |
| 9 (RLIN) |
9356 |
| 610 #4 - PUNTO DE ACCESO ADICIONAL DE MATERIA--NOMBRE DE ENTIDAD CORPORATIVA |
| Nombre de entidad corporativa o nombre de jurisdicción como elemento de entrada |
Organización de Estados Americanos |
| Subdivisión de forma |
Manuales |
| 9 (RLIN) |
77248 |
| 650 #4 - PUNTO DE ACCESO ADICIONAL DE MATERIA--TÉRMINO DE MATERIA |
| Término de materia o nombre geográfico como elemento de entrada |
Ley internacional |
| Subdivisión de forma |
Manuales |
| 9 (RLIN) |
77249 |
| 650 #4 - PUNTO DE ACCESO ADICIONAL DE MATERIA--TÉRMINO DE MATERIA |
| Término de materia o nombre geográfico como elemento de entrada |
Acción y defensa (Derecho) |
| Subdivisión de forma |
Teorías. |
| -- |
Manuales |
| 9 (RLIN) |
77250 |
| 650 #4 - PUNTO DE ACCESO ADICIONAL DE MATERIA--TÉRMINO DE MATERIA |
| Término de materia o nombre geográfico como elemento de entrada |
Teoría del derecho |
| Subdivisión geográfica |
America Latina |
| Subdivisión de forma |
Manuales |
| 9 (RLIN) |
77251 |
| 650 #4 - PUNTO DE ACCESO ADICIONAL DE MATERIA--TÉRMINO DE MATERIA |
| Término de materia o nombre geográfico como elemento de entrada |
Derecho comparado. |
| Subdivisión general |
Historia |
| Subdivisión de forma |
Manuales |
| 9 (RLIN) |
77252 |
| 700 1# - PUNTO DE ACCESO ADICIONAL--NOMBRE DE PERSONA |
| Nombre de persona |
González Canahuate, L. Almanzor, |
| Numeración |
|
| Títulos y otros términos asociados al nombre |
Recopilación jurisprudencial integrada |
| Fechas asociadas al nombre |
|
| 9 (RLIN) |
77253 |
| 910 ## - DATOS DE OPCIÓN DEL USUARIO (OCLC) |
| Datos de opción del usuario |
VMateo.Validado. Control de calidad. MAA |
| 942 ## - ELEMENTOS DE PUNTO DE ACCESO ADICIONAL (KOHA) |
| Fuente del sistema de clasificación o colocación |
Dewey Decimal Classification |
| Tipo de ítem Koha |
Libro |